| 000 | 01394nam a22003015i 4500 | ||
|---|---|---|---|
| 001 | 164875 | ||
| 003 | ES-MaACL | ||
| 005 | 20250930063145.0 | ||
| 008 | 940615m18851888sp a |||| | spa d | ||
| 040 |
_aCAM _bspa |
||
| 100 | 1 |
_aSchack, Adolph Friedrich von, _d1815-1894 _9132530 |
|
| 245 | 1 | 0 |
_aHistoria de la literatura y del arte dramático en España / _cpor Adolfo Federico Conde de Schack, traducido directamente del alemán al castellano por Eduardo de Mier. |
| 260 |
_aMadrid : _b[s.n.], _c1885-1887 ( _fImprenta y fundición de M. Tello, _g1888) |
||
| 300 |
_a5 v., [1] h. de grab. ; _c17 cm. |
||
| 490 | 1 |
_aColección de escritores castellanos. Críticos ; _v37, 46, 51, 58 y 59 |
|
| 596 | _aMarca tip. en port. | ||
| 596 | _aFecha del último tomo en colofón: 1888. | ||
| 597 | _aPort. a dos tintas. | ||
| 597 | _aT. I (490 p., [1] h. de grab.) -- t.II (474 p.) -- t. III (500 p.) -- t.IV (594 p.) -- t.V (434 p.) | ||
| 599 | _aLa h. de grab. calc., retrato del autor en t. I : "B. Maura gvo" | ||
| 650 | 4 |
_aLiteratura española- _xHistoria y crítica _914560 |
|
| 650 | 4 |
_aTeatro español- _xHistoria y crítica. _9136908 |
|
| 700 | 1 |
_aMier, Eduardo de. _9129906 |
|
| 830 | 0 | 0 |
_aColección de escritores castellanos. Críticos _v37, 46, 51, 58 y 59 _9182227 |
| 852 |
_aES-MaACL _jF-12674-78 _z-- Enc. hol. |
||
| 999 |
_c164875 _d164875 |
||